=LDR 00000nam 2200000 4500 =001 INLIS000000000018256 =005 20130612113434 =008 ***********************************Ind** =035 ##$$0010-061300000018256 =041 ##$$a Ind =082 ##$$a 630.715 =090 ##$$a 630.715, Mar p =100 ##$$a Mardikanto, Totok =245 ##$$a Petunjuk penyuluhan pertanian, dalam teori dan praktek, Totok Mardika, Sri Sutarni =260 ##$$a [19...?] $b Surabaya =300 ##$$a ix, 157 hlm, ilua, 21 cm =650 ##$$a Penyuluhan pertanian =850 ##$$a NBPNMAT =990 ##$$a 0001/BPAP-NTB/2016